|
|
|
|
| LEADER |
00000nam0a2200000 4500 |
| 001 |
133953 |
| 005 |
20231101220447.0 |
| 035 |
|
|
|a (RuTPU)RU\TPU\book\145196
|
| 090 |
|
|
|a 133953
|
| 100 |
|
|
|a 20080324d1955 m y0rusy50 ca
|
| 101 |
0 |
|
|a rus
|
| 102 |
|
|
|a RU
|
| 105 |
|
|
|a a z 001ay
|
| 200 |
1 |
|
|a Избранные сочинения
|e в 2 томах
|h Т. 2
|i Переводы. Статьи
|f В. Я. Брюсов
|
| 210 |
|
|
|a Москва
|c Государственное издательство художественной литературы
|d 1955
|
| 215 |
|
|
|a 651 с.
|c портр.
|
| 320 |
|
|
|a Указатель имен: с. 631-635
|
| 320 |
|
|
|a Алфавитный указатель: с. 636-641
|
| 333 |
|
|
|a Исключено из фонда НТБ ТПУ
|
| 675 |
|
|
|a Р2
|v 3
|
| 700 |
|
1 |
|a Брюсов
|b В. Я.
|c русский поэт
|f 1873-1924
|g Валерий Яковлевич
|2 stltpush
|3 (RuTPU)RU\TPU\pers\118
|9 68
|
| 801 |
|
1 |
|a RU
|b 63413507
|c 20080324
|g PSBO
|
| 801 |
|
2 |
|a RU
|b 63413507
|c 20221121
|g RCR
|
| 942 |
|
|
|c BK
|